Siedma Slovenská štatistická konferencia Štatistika v managemente. Bratislava 4.-5. máj 1994. Zborník príspevkov

Guardado en:
Detalles Bibliográficos
Otros Autores: Chajdiak, Jozef
Formato: Libro
Lenguaje:eslovaco
Publicado: Bratislava Slovenská štatistická a demografická spoločnosť 1994
Edición:1. vyd.
Materias:
Etiquetas: Agregar Etiqueta
Sin Etiquetas, Sea el primero en etiquetar este registro!

MARC

LEADER 00000nam a2200000 4500
001 c005125
005 20221214075413.2
041 0 |a slo 
044 |a SK 
245 1 0 |a Siedma Slovenská štatistická konferencia  |b Štatistika v managemente. Bratislava 4.-5. máj 1994. Zborník príspevkov  |c Hl. zost. Jozef Chajdiak 
250 |a 1. vyd. 
264 1 |a Bratislava  |b Slovenská štatistická a demografická spoločnosť  |c 1994 
300 |a 35 s. 
610 2 0 |a Slovensko 
610 2 0 |a štatistika 
610 2 0 |a projekty 
610 2 0 |a konanie súdne občianske 
610 2 0 |a metódy štatistické 
610 2 0 |a náklady životné 
610 2 0 |a minimum existenčné 
610 2 0 |a testy 
610 2 0 |a súbory výberové 
610 2 0 |a odhad štatistický 
700 1 |a Chajdiak, Jozef